|
|
|
|
| LEADER |
00000cam a2200000 a 4500 |
| 001 |
vtls008901875 |
| 003 |
SK-MaSNL |
| 005 |
20260302042506.0 |
| 008 |
061213s1993 xo a frnp 000 0 slo |
| 020 |
|
|
|a 8070992190
|q (brožované)
|
| 040 |
|
|
|a SNK
|b slo
|c SNK
|e AACR2
|
| 041 |
0 |
|
|a slo
|
| 044 |
|
|
|a xo
|c SK
|
| 072 |
|
7 |
|a 37.016
|x Učebné osnovy. Vyučovacie predmety. Učebnice
|2 konspekt
|
| 072 |
|
7 |
|a 37
|x Výchova a vzdelávanie
|2 konspekt
|
| 080 |
|
|
|a 37.01:62
|2 2011
|
| 080 |
|
|
|a (075.3)
|2 2011
|
| 100 |
1 |
|
|a Fišer, Václav
|4 aut
|9 43714
|
| 245 |
1 |
0 |
|a Základy inžinierskej pedagogiky
|c Václav Fišer, Alexej Petrík
|
| 250 |
|
|
|a 1. vydanie
|
| 260 |
|
|
|a Košice
|b Technícká univerzita v Košiciach
|c 1993
|
| 300 |
|
|
|a 141 strán
|b schémy
|c 29 cm
|
| 366 |
|
|
|e 400 kusov
|
| 504 |
|
|
|a Bibliografia na strane 139
|
| 650 |
0 |
7 |
|a inžinierska pedagogika
|2 SNKPH
|9 71686
|
| 655 |
|
7 |
|a učebnice stredných škôl
|2 SNKPH
|9 69323
|
| 700 |
1 |
|
|a Petrík, Alexej,
|d 1944-
|4 aut
|9 9099
|
| 852 |
|
|
|a Slovenská národná knižnica
|
| 919 |
|
|
|a 80-7099-219-0
|
| 954 |
|
|
|a odborná, vedecká literatúra pôvodná (slovenská)
|2 lita
|
| 958 |
|
|
|a NB
|
| 999 |
|
|
|c 1083021
|d 1084951
|
| 952 |
|
|
|a SNK
|b SNK
|y PREZ
|7 0
|p 17A1531388
|o snkSB 100052
|i snk2024/1464
|8 7
|0 0
|1 0
|4 0
|d 2024-01-25
|l 0
|r 2026-02-24 16:31:06
|w 2026-02-24
|
| 952 |
|
|
|a SNK
|b SNK
|y VYP
|7 0
|p 17A1531389
|o snkSB 100052 D1
|i snk2024/1465
|8 7
|0 0
|1 0
|4 0
|d 2024-01-25
|l 0
|r 2026-02-24 16:31:06
|w 2026-02-24
|